[Event "Campeonato Nacional da 1ª divisão"]
[Site "Torres Vedras"]
[Date "2011.07.29"]
[Round "7.6"]
[White "Gallardo Retortillo, Enrique"]
[Black "Andrade, Bruno"]
[Result "0-1"]
[WhiteElo "2149"]
[BlackElo "2104"]
[PlyCount "126"]
[EventDate "2011.07.23"]

1. d4 Nf6 2. c4 g6 3. Nc3 Bg7 4. e4 d6 5. Bd3 O-O 6. Nge2 e5 7. d5 c5 8. Bg5 h6
9. Bd2 Nh5 10. Qc1 Kh7 11. Qc2 Na6 12. a3 Nc7 13. O-O-O Bd7 14. f3 Qe7 15. g4
Nf4 16. Nxf4 exf4 17. Ne2 b5 18. Bc3 Bxc3 19. Qxc3 a5 20. Qc2 a4 21. cxb5 Bxb5
22. Nc3 Bxd3 23. Rxd3 Rfb8 24. Re1 Qe5 25. Kd1 Rb3 26. Qf2 Rab8 27. Re2 Nb5 28.
Rc2 c4 29. Rdd2 Nxc3+ 30. bxc3 Rxa3 31. Qa7 Qe8 32. e5 Rb1+ 33. Rc1 Rxc1+ 34.
Kxc1 Rxc3+ 35. Kd1 Qxe5 36. Qxf7+ Qg7 37. Qxf4 Qc7 38. Re2 Rd3+ 39. Ke1 Rxd5
40. g5 Rxg5 41. Rc2 Re5+ 42. Kf1 d5 43. Re2 Re7 44. Rxe7+ Qxe7 45. Qd4 Qb7 46.
Qc5 h5 47. h4 a3 48. Qxa3 d4 49. Qc5 Qxf3+ 50. Ke1 Qe3+ 51. Kd1 c3 52. Qc7+ Kh6
53. Kc2 d3+ 54. Kb3 c2 55. Qd8 Qe5 56. Qf8+ Kh7 57. Qf7+ Qg7 58. Qf4 Qb7+ 59.
Ka3 Qd7 60. Qd2 Qd4 61. Ka2 Qxh4 62. Qe3 Qc4+ 63. Kb2 c1=Q+ 0-1

[Event "Campeonato Nacional da 1ª divisão"]
[Site "Torres Vedras"]
[Date "2011.07.29"]
[Round "7.6"]
[White "Vasques, José Cláudio de Sous"]
[Black "Gómez Gómez, Francisco Javier"]
[Result "0-1"]
[WhiteElo "1831"]
[BlackElo "2129"]
[PlyCount "56"]
[EventDate "2011.07.23"]

1. Nf3 g6 2. g3 Bg7 3. Nc3 d5 4. e3 c5 5. d4 cxd4 6. exd4 Nc6 7. Be3 Bg4 8. h3
Bxf3 9. Qxf3 e6 10. Bb5 Nge7 11. O-O O-O 12. Rfd1 Qb6 13. Bxc6 Nxc6 14. Na4 Qb4
15. b3 b5 16. c3 Qa5 17. Nc5 Qxc3 18. Rac1 Qa5 19. Qg4 Ne7 20. Nxe6 fxe6 21.
Qxe6+ Rf7 22. Bg5 Qb6 23. Qxb6 axb6 24. Rc7 Nf5 25. Rxf7 Kxf7 26. Rc1 Nxd4 27.
Rc7+ Kg8 28. Kg2 Ne6 0-1

[Event "Campeonato Nacional da 1ª divisão"]
[Site "Torres Vedras"]
[Date "2011.07.29"]
[Round "7.7"]
[White "Ferreira, Jorge João Viterbo"]
[Black "Padeiro, José João Tato"]
[Result "0-1"]
[WhiteElo "2327"]
[BlackElo "2304"]
[PlyCount "148"]
[EventDate "2011.07.23"]

1. e4 c6 2. d4 d5 3. e5 Bf5 4. Nd2 e6 5. Nb3 Nd7 6. Nf3 h6 7. Be2 Ne7 8. O-O
Bh7 9. Bd2 Nf5 10. Rc1 Be7 11. c4 dxc4 12. Na5 Qc7 13. Nxc4 Nb6 14. Ba5 O-O 15.
Qb3 Bd8 16. Bb4 Be7 17. Ba5 Bd8 18. a3 Ne7 19. Nfd2 Ned5 20. Bf3 Qd7 21. Nd6
Bg5 22. Rcd1 Be7 23. N2e4 Bxe4 24. Nxe4 Qc8 25. Bg4 Nd7 26. Bd2 c5 27. Qg3 Qd8
28. Bxh6 Bh4 29. Nf6+ Bxf6 30. exf6 Qxf6 31. Be3 c4 32. h4 Qg6 33. h5 Qh7 34.
h6 N7f6 35. Be2 b5 36. hxg7 Qxg7 37. Qh4 Qg6 38. Bh6 Rfc8 39. g3 Ne7 40. Bc1
Kg7 41. Bf3 Ned5 42. Kg2 a5 43. Bg5 Rh8 44. Bxf6+ Qxf6 45. Qg4+ Qg6 46. Qxg6+
Kxg6 47. Rfe1 Rhd8 48. Re5 b4 49. Rc1 Rac8 50. axb4 axb4 51. Ra1 Rc7 52. Ra6
Kg7 53. Bxd5 Rxd5 54. Rxd5 exd5 55. Ra5 c3 56. bxc3 bxc3 57. Ra1 Kf6 58. Kf3 c2
59. Rc1 Kf5 60. g4+ Kg5 61. Kg3 Rc3+ 62. f3 f6 63. Kf2 Kf4 64. Ke2 Rc8 65. Kf2
Rc4 66. Ke2 Rc3 67. Kd2 Rxf3 68. Kxc2 Kxg4 69. Kd2 Kf4 70. Re1 Kf5 71. Ke2 Ke4
72. Rh1 Re3+ 73. Kf2 Kxd4 74. Rh6 Re6 0-1

[Event "Campeonato Nacional da 1ª divisão"]
[Site "Torres Vedras"]
[Date "2011.07.29"]
[Round "7.7"]
[White "Carneiro, Carlos Alberto Carva"]
[Black "Viela, André Filipe Folha"]
[Result "1-0"]
[WhiteElo "2278"]
[BlackElo "2241"]
[PlyCount "76"]
[EventDate "2011.07.23"]

1. d4 e6 2. Nf3 f5 3. g3 Nf6 4. Bg2 d5 5. O-O Bd6 6. c4 c6 7. Nc3 O-O 8. b3
Nbd7 9. Bb2 Ne4 10. Nxe4 fxe4 11. Ne5 Nxe5 12. dxe5 Bc5 13. Kh1 Rxf2 14. Rxf2
Bxf2 15. Bxe4 Bd7 16. Bf3 Qe7 17. Qd2 Rf8 18. Rc1 Be8 19. Kg2 Bb6 20. a4 Bg6
21. a5 Bc5 22. cxd5 cxd5 23. Bc3 Qf7 24. b4 Be7 25. Bd4 a6 26. Rc7 Be4 27. Qe3
g5 28. h3 h5 29. Bxe4 dxe4 30. Bc5 Qf1+ 31. Kh2 Bd8 32. Rd7 Rf5 33. Rxd8+ Kh7
34. Qxe4 g4 35. hxg4 hxg4 36. Qxb7+ Rf7 37. Qe4+ Rf5 38. Rd7+ Kh8 1-0

[Event "Campeonato Nacional da 1ª divisão"]
[Site "Torres Vedras"]
[Date "2011.07.29"]
[Round "7.7"]
[White "Viela, Marco António Folha"]
[Black "Santos, José Luis Machado Al"]
[Result "1/2-1/2"]
[WhiteElo "2219"]
[BlackElo "2225"]
[PlyCount "95"]
[EventDate "2011.07.23"]

1. e4 e5 2. Nf3 Nc6 3. Bb5 a6 4. Ba4 d6 5. O-O Bd7 6. c3 g6 7. d4 Bg7 8. dxe5
dxe5 9. Bg5 f6 10. Be3 Qe7 11. Nbd2 Bh6 12. Qe2 Kf8 13. Bc2 Kg7 14. Nc4 Be6 15.
Bb3 Bxc4 16. Bxc4 Bxe3 17. Qxe3 Nh6 18. Bd5 Nd8 19. Rfd1 c6 20. Bb3 Ne6 21.
Bxe6 Qxe6 22. Qb6 Qe7 23. Nd2 Rhd8 24. Nc4 Nf7 25. a4 Rxd1+ 26. Rxd1 Rd8 27.
Rxd8 Qxd8 28. Qxd8 Nxd8 29. a5 Kf7 30. Kf1 Ke7 31. Ke2 Ne6 32. g3 c5 33. Ke3
Kd7 34. Nb6+ Kd6 35. f4 exf4+ 36. gxf4 g5 37. f5 Nd8 38. Nc4+ Ke7 39. Kf3 h5
40. e5 fxe5 41. Nxe5 Nf7 42. Nxf7 Kxf7 43. c4 Ke7 44. Ke4 Kf6 45. b3 h4 46. h3
Kf7 47. Kf3 Kg7 48. Ke4 1/2-1/2

[Event "Campeonato Nacional da 1ª divisão"]
[Site "Torres Vedras"]
[Date "2011.07.29"]
[Round "7.8"]
[White "Silva, Fernando Mário Pires"]
[Black "Silva, António Augusto Maga"]
[Result "1/2-1/2"]
[WhiteElo "2364"]
[BlackElo "2222"]
[PlyCount "98"]
[EventDate "2011.07.23"]

1. c4 e5 2. Nc3 Nc6 3. g3 f5 4. e3 Nf6 5. Bg2 d5 6. Nxd5 Nxd5 7. cxd5 Nb4 8.
Qb3 e4 9. Bf1 Qxd5 10. Qxd5 Nxd5 11. a3 Nb6 12. d3 exd3 13. Bxd3 g6 14. Bd2 Bg7
15. Rc1 c6 16. Bc3 Bxc3+ 17. Rxc3 Be6 18. Ne2 Na4 19. Rc2 Bb3 20. Rd2 O-O-O 21.
Nd4 Bd5 22. O-O Nc5 23. Rc1 Nb3 24. Nxb3 Bxb3 25. Rc3 Ba4 26. Kf1 Rd7 27. Ke2
Rhd8 28. b3 Bb5 29. a4 Rxd3 30. Rdxd3 Rxd3 31. Rxd3 Bxd3+ 32. Kxd3 Kd7 33. b4
b6 34. e4 fxe4+ 35. Kxe4 Ke6 36. f4 h5 37. h3 Kf6 38. g4 hxg4 39. hxg4 Ke6 40.
Kd4 Kf6 41. a5 Ke6 42. a6 Kf6 43. Ke4 Ke6 44. Kd4 Kd6 45. f5 gxf5 46. gxf5 c5+
47. bxc5+ bxc5+ 48. Kc4 Ke5 49. Kxc5 Kxf5 1/2-1/2

[Event "Campeonato Nacional da 1ª divisão"]
[Site "Torres Vedras"]
[Date "2011.07.29"]
[Round "7.8"]
[White "Martins, Hugo Fidalgo"]
[Black "Eggert, Alberto"]
[Result "1-0"]
[WhiteElo "2179"]
[BlackElo "2161"]
[PlyCount "43"]
[EventDate "2011.07.23"]

1. e4 c5 2. Nf3 e6 3. c3 Nf6 4. e5 Nd5 5. d4 cxd4 6. cxd4 Nc6 7. Nc3 d6 8. Bd3
Nxc3 9. bxc3 dxe5 10. dxe5 Qa5 11. O-O Nxe5 12. Nxe5 Qxe5 13. Re1 Qc7 14. Qg4
Bd7 15. Bf4 Qa5 16. Rab1 b6 17. Rbd1 Rc8 18. Be5 Qa4 19. Re4 Qxa2 20. Rd4 Bc6
21. Bc4 h5 22. Qg5 1-0

[Event "Campeonato Nacional da 1ª divisão"]
[Site "Torres Vedras"]
[Date "2011.07.29"]
[Round "7.8"]
[White "Luyks, Marinus Gerardus Adr"]
[Black "Arauz Alonso, Fernando"]
[Result "1/2-1/2"]
[WhiteElo "2159"]
[BlackElo "2123"]
[PlyCount "23"]
[EventDate "2011.07.23"]

1. d4 d5 2. c4 c6 3. cxd5 cxd5 4. Nf3 Nf6 5. Nc3 Nc6 6. Bf4 Bf5 7. e3 e6 8. Qb3
Bb4 9. Bb5 O-O 10. O-O Qb6 11. Bxc6 Bxc3 12. Bxb7 1/2-1/2

[Event "Campeonato Nacional da 1ª divisão"]
[Site "Torres Vedras"]
[Date "2011.07.29"]
[Round "7.8"]
[White "Mansilla Tolosa, Luis"]
[Black "Vasconcellos, Renato Fialho de Men"]
[Result "1/2-1/2"]
[WhiteElo "2073"]
[BlackElo "2069"]
[PlyCount "83"]
[EventDate "2011.07.23"]

1. d4 d5 2. c4 c6 3. Nf3 Nf6 4. e3 e6 5. b3 Nbd7 6. Bb2 Be7 7. Bd3 O-O 8. O-O
b6 9. Nc3 Bb7 10. Qc2 c5 11. Rfd1 Rc8 12. cxd5 exd5 13. dxc5 Rxc5 14. b4 Rc7
15. Qb3 Qa8 16. Nb5 Rcc8 17. Nbd4 g6 18. Rdc1 a6 19. Rxc8 Rxc8 20. Ne2 Qb8 21.
Bd4 Qd6 22. Rb1 Ne4 23. Qb2 Bf6 24. Bxf6 Qxf6 25. Ned4 b5 26. Nb3 Qxb2 27. Rxb2
Rc3 28. Ne1 Ne5 29. Bxe4 dxe4 30. Nc5 Rc1 31. Kf1 Bd5 32. Ke2 Ra1 33. Nc2 Rc1
34. Nd4 Rg1 35. Nxa6 Nd3 36. Rc2 Bc4 37. Kd2 Nxf2 38. a4 Rxg2 39. axb5 Ng4+ 40.
Kc3 Rxc2+ 41. Nxc2 Bxb5 42. Nc7 1/2-1/2

[Event "Campeonato Nacional da 1ª divisão"]
[Site "Torres Vedras"]
[Date "2011.07.30"]
[Round "8.1"]
[White "Strikovic, Aleksa"]
[Black "Spraggett, Kevin"]
[Result "1/2-1/2"]
[WhiteElo "2573"]
[BlackElo "2573"]
[PlyCount "104"]
[EventDate "2011.07.23"]

1. c4 e6 2. Nf3 f5 3. g3 Nf6 4. Bg2 d5 5. O-O c6 6. b3 Bd6 7. d4 Qe7 8. Bb2 O-O
9. Qc1 Bd7 10. Ba3 Be8 11. Ne5 Nbd7 12. Nd3 Bh5 13. Re1 Rae8 14. Bxd6 Qxd6 15.
Qa3 Qb8 16. Nd2 a6 17. Qb2 Re7 18. Rac1 g5 19. Nf3 Rg7 20. Nfe5 Qe8 21. e3 Bg6
22. a4 h5 23. b4 Nxe5 24. Nxe5 h4 25. b5 hxg3 26. hxg3 axb5 27. axb5 Ng4 28.
cxd5 Nxe5 29. dxe5 cxd5 30. f4 Bh5 31. Rc3 Qd8 32. b6 Be8 33. Ra3 Bc6 34. Qd4
gxf4 35. exf4 Qe7 36. Rea1 Kf7 37. Rc3 Qe8 38. Ra7 Kg8 39. Kf2 Rh7 40. Kg1 Kh8
41. Qb4 Rg8 42. Qd4 Qg6 43. Rca3 Qe8 44. Rc3 Qg6 45. Ra1 Qg4 46. Ra2 Bb5 47.
Re3 Bc4 48. Ra1 Rc8 49. Rc3 Qe2 50. Re3 Qg4 51. Rc3 Qe2 52. Re3 Qg4 1/2-1/2

[Event "Campeonato Nacional da 1ª divisão"]
[Site "Torres Vedras"]
[Date "2011.07.30"]
[Round "8.1"]
[White "Heberla, Bartlomiej"]
[Black "Lima, Darcy"]
[Result "1-0"]
[WhiteElo "2539"]
[BlackElo "2493"]
[PlyCount "73"]
[EventDate "2011.07.23"]

1. e4 e5 2. Nc3 Nf6 3. g3 Bb4 4. Bg2 c6 5. Nf3 d5 6. O-O dxe4 7. Ng5 Bxc3 8.
bxc3 Bf5 9. f4 exf3 10. Nxf3 e4 11. Ng5 Bg6 12. Re1 O-O 13. Nxe4 Nxe4 14. Bxe4
Bxe4 15. Rxe4 Nd7 16. d3 Nf6 17. Re1 Qa5 18. c4 Rfe8 19. Be3 Re6 20. Qd2 Qh5
21. Bd4 Rae8 22. Rxe6 Rxe6 23. Re1 Ng4 24. Rxe6 fxe6 25. Qe2 e5 26. Bxa7 Qf5
27. Kg2 h5 28. Bb8 Qg5 29. h3 Ne3+ 30. Kf2 Nf5 31. Bxe5 c5 32. Bf4 Qg6 33. Qe4
b6 34. c3 Kh7 35. Kf3 Kg8 36. g4 hxg4+ 37. hxg4 1-0

[Event "Campeonato Nacional da 1ª divisão"]
[Site "Torres Vedras"]
[Date "2011.07.30"]
[Round "8.1"]
[White "Fernando, Diogo"]
[Black "Luch, Michal"]
[Result "1/2-1/2"]
[WhiteElo "2467"]
[BlackElo "2413"]
[PlyCount "128"]
[EventDate "2011.07.23"]

1. e4 e6 2. d4 d5 3. e5 c5 4. Nf3 cxd4 5. Bd3 Nc6 6. Bf4 Nge7 7. Nbd2 Nf5 8. h4
h5 9. Nb3 Qb6 10. O-O Bc5 11. a3 Bd7 12. Nxc5 Qxc5 13. b4 Qb6 14. b5 Nce7 15.
a4 f6 16. Re1 Kf7 17. Bc1 a6 18. bxa6 bxa6 19. Ba3 Qc7 20. Bxe7 Nxe7 21. Nxd4
fxe5 22. Qf3+ Kg8 23. Qg3 Rh6 24. Rxe5 Ng6 25. Bxg6 Rxg6 26. Qe3 Re8 27. f4 Rf8
28. g3 Qc4 29. Kh2 Bxa4 30. Rxh5 Bd7 31. Re5 Rc8 32. Rb1 Qc3 33. Rb7 Qxe3 34.
Rxe3 Rc4 35. c3 Bc8 36. Rb8 Kh7 37. Ra8 Rf6 38. Ra7 e5 39. Rxe5 Rxc3 40. f5 Rd3
41. Rc7 Rxd4 42. Rxc8 a5 43. Ra8 a4 44. Ra7 Kg8 45. Kh3 Rf7 46. Re8+ Rf8 47.
Ree7 Rxf5 48. Rxg7+ Kf8 49. Rg4 Rc4 50. Rxa4 Rxa4 51. Rxa4 Ke7 52. Kg4 Rf8 53.
h5 Rd8 54. Kf5 d4 55. Ra7+ Kf8 56. Ra2 d3 57. Rd2 Rd5+ 58. Kg6 Rd6+ 59. Kh7
Rd7+ 60. Kh6 Rd6+ 61. Kg5 Rd5+ 62. Kh4 Kg7 63. g4 Kh6 64. Kg3 Kg5 1/2-1/2

[Event "Campeonato Nacional da 1ª divisão"]
[Site "Torres Vedras"]
[Date "2011.07.30"]
[Round "8.1"]
[White "Butkiewicz, Lukasz"]
[Black "Vassallo Barroche, Mauricio"]
[Result "1/2-1/2"]
[WhiteElo "2435"]
[BlackElo "2416"]
[PlyCount "77"]
[EventDate "2011.07.23"]

1. e4 c5 2. Nf3 d6 3. d4 cxd4 4. Nxd4 Nf6 5. Nc3 g6 6. Be3 Bg7 7. f3 O-O 8. Qd2
Nc6 9. O-O-O d5 10. exd5 Nxd5 11. Nxc6 bxc6 12. Bd4 Nxc3 13. Qxc3 Bh6+ 14. Be3
Bxe3+ 15. Qxe3 Qb6 16. Qxe7 Be6 17. Qa3 Rfd8 18. Bd3 Rd5 19. Rhe1 Rad8 20. Qc3
c5 21. b3 Rd4 22. g3 a5 23. Re5 c4 24. bxc4 Bxc4 25. Rde1 Bxd3 26. Re8+ Rxe8
27. Rxe8+ Kg7 28. cxd3 Kh6 29. Re4 Rb4 30. Rxb4 axb4 31. Qd2+ Kg7 32. d4 Qc6+
33. Kb2 Qxf3 34. d5 Qa3+ 35. Kb1 Kf8 36. Qc2 Qa7 37. Qd2 Qa3 38. Qc2 Qa7 39.
Qc3 1/2-1/2

[Event "Campeonato Nacional da 1ª divisão"]
[Site "Torres Vedras"]
[Date "2011.07.30"]
[Round "8.2"]
[White "Appel, Ralf"]
[Black "Tiviakov, Sergei"]
[Result "1-0"]
[WhiteElo "2522"]
[BlackElo "2623"]
[PlyCount "81"]
[EventDate "2011.07.23"]

1. c4 e5 2. Nc3 Nf6 3. g3 d5 4. cxd5 Nxd5 5. Bg2 Nb6 6. Nf3 Nc6 7. O-O Be7 8.
a3 O-O 9. b4 Be6 10. d3 a5 11. b5 Nd4 12. Nd2 c6 13. bxc6 Nxc6 14. Rb1 a4 15.
Bb2 Na5 16. Nb5 f6 17. Bc3 Kh8 18. Bb4 Qd7 19. Bxe7 Qxe7 20. Rb4 Rfc8 21. e3
Nb3 22. Ne4 Nd5 23. Rc4 Rd8 24. Qc2 Ra5 25. Nc7 Nxe3 26. fxe3 Bxc4 27. Qxc4 Rc8
28. Nd5 Qf8 29. Nc7 Qd8 30. Ne6 Qg8 31. Nxf6 gxf6 32. Qh4 Qxe6 33. Bh3 Qe7 34.
Bxc8 Ra6 35. Bf5 b5 36. Rf2 b4 37. Rc2 Ra8 38. Qe4 Qa7 39. Qxb4 Qxe3+ 40. Kg2
Rg8 41. Qh4 1-0

[Event "Campeonato Nacional da 1ª divisão"]
[Site "Torres Vedras"]
[Date "2011.07.30"]
[Round "8.2"]
[White "Korneev, Oleg"]
[Black "Swinkels, Robin"]
[Result "1/2-1/2"]
[WhiteElo "2588"]
[BlackElo "2483"]
[PlyCount "39"]
[EventDate "2011.07.23"]

1. e4 e5 2. Nf3 Nc6 3. Bc4 Nf6 4. d3 Bc5 5. O-O a6 6. Bb3 Ba7 7. Nbd2 d6 8. c3
O-O 9. h3 Be6 10. Re1 Bxb3 11. Qxb3 Qd7 12. Nf1 h6 13. Be3 Rfe8 14. Bxa7 Rxa7
15. Ng3 Qe6 16. Qc2 d5 17. d4 Raa8 18. dxe5 Nxe5 19. Nd4 Qb6 20. Rad1 1/2-1/2

[Event "Campeonato Nacional da 1ª divisão"]
[Site "Torres Vedras"]
[Date "2011.07.30"]
[Round "8.2"]
[White "Pereira, Ruben"]
[Black "Hammes, Michael"]
[Result "1/2-1/2"]
[WhiteElo "2436"]
[BlackElo "2391"]
[PlyCount "130"]
[EventDate "2011.07.23"]

1. e4 e6 2. d3 d5 3. Nd2 Nf6 4. Ngf3 c5 5. g3 Be7 6. Bg2 Nc6 7. O-O O-O 8. e5
Ne8 9. Re1 b5 10. Nf1 b4 11. h4 Nc7 12. N1h2 Nb5 13. h5 Nbd4 14. Nxd4 Nxd4 15.
h6 g6 16. Ng4 Rb8 17. Bf4 Rb6 18. Qd2 a5 19. c3 Nc6 20. Rec1 Ba6 21. Rab1 a4
22. c4 g5 23. cxd5 exd5 24. Nf6+ Bxf6 25. exf6 gxf4 26. Qxf4 Bxd3 27. Qg5+ Bg6
28. Rxc5 Nb8 29. Rxd5 Qxf6 30. Qxf6 Rxf6 31. Rc1 b3 32. axb3 axb3 33. Rb5 Bc2
34. Bd5 Rxh6 35. Kg2 Rd8 36. Re1 Nc6 37. Bxb3 Nd4 38. Rg5+ Rg6 39. Rxg6+ hxg6
40. Bxc2 Nxc2 41. Re2 Nd4 42. Rd2 Ne6 43. Rxd8+ Nxd8 44. Kf3 Kf8 45. Ke4 Ke7
46. Kd5 Nb7 47. b4 Nd6 48. Ke5 f6+ 49. Kd5 Kd7 50. f3 g5 51. g4 Nf7 52. b5 Ne5
53. Ke4 Ke6 54. f4 Nxg4 55. b6 f5+ 56. Kd4 Nf6 57. b7 Nd7 58. fxg5 Nb8 59. g6
Kf6 60. g7 Kxg7 61. Ke5 Kg6 62. Kd6 Na6 63. Kc6 Kf6 64. Kb6 Nb8 65. Kc7 Na6+
1/2-1/2

[Event "Campeonato Nacional da 1ª divisão"]
[Site "Torres Vedras"]
[Date "2011.07.30"]
[Round "8.3"]
[White "Santos, Luis"]
[Black "Garcia-Ortega Mendez, Jose M"]
[Result "0-1"]
[WhiteElo "2369"]
[BlackElo "2358"]
[PlyCount "64"]
[EventDate "2011.07.23"]

1. c4 e5 2. Nc3 Nf6 3. Nf3 Nc6 4. d3 d5 5. cxd5 Nxd5 6. g3 Be7 7. Bg2 Nb6 8.
O-O O-O 9. Be3 Be6 10. Qc1 f6 11. Rd1 Qe8 12. d4 exd4 13. Nxd4 Nxd4 14. Bxd4 c6
15. Qe3 Bd8 16. Bc5 Nc4 17. Qe4 f5 18. Qc2 Rf7 19. b3 Ne5 20. Bd4 Ng6 21. Na4
f4 22. Be4 Nf8 23. Bc5 fxg3 24. hxg3 Bf6 25. Rac1 g6 26. Bd4 Nd7 27. Bg2 Bf5
28. e4 Bg4 29. f3 Bxf3 30. Bxf3 Bxd4+ 31. Rxd4 Rxf3 32. Kg2 Rxg3+ 0-1

[Event "Campeonato Nacional da 1ª divisão"]
[Site "Torres Vedras"]
[Date "2011.07.30"]
[Round "8.3"]
[White "Cabezas, Ayala Ivan"]
[Black "Garcia Romero, Benjamin Abel"]
[Result "1-0"]
[WhiteElo "2336"]
[BlackElo "2255"]
[PlyCount "63"]
[EventDate "2011.07.23"]

1. e4 c5 2. Nf3 a6 3. c3 e6 4. d4 d5 5. e5 Bd7 6. Be3 b6 7. a4 Nc6 8. Be2 cxd4
9. cxd4 Bb4+ 10. Nbd2 Nge7 11. O-O O-O 12. Bd3 f5 13. exf6 gxf6 14. Nh4 f5 15.
Ndf3 Qe8 16. Bh6 Rf6 17. Bg5 Rf7 18. Bf4 Qf8 19. Qe2 Qg7 20. Qe3 Ng6 21. Nxg6
Qxg6 22. Rac1 Rg7 23. g3 Qe8 24. Rc2 Nd8 25. Rc7 Nf7 26. Ne5 Nxe5 27. Bxe5 Rg6
28. Be2 Rc8 29. Rxc8 Qxc8 30. Bh5 Qc2 31. Bxg6 Bd2 32. Qa3 1-0

[Event "Campeonato Nacional da 1ª divisão"]
[Site "Torres Vedras"]
[Date "2011.07.30"]
[Round "8.3"]
[White "Gallardo Retortillo, Enrique"]
[Black "Neves, Pedro"]
[Result "1/2-1/2"]
[WhiteElo "2149"]
[BlackElo "2198"]
[PlyCount "121"]
[EventDate "2011.07.23"]

1. d4 Nf6 2. c4 g6 3. Nc3 Bg7 4. e4 d6 5. Bd3 O-O 6. Nge2 c5 7. d5 e6 8. O-O
exd5 9. exd5 Na6 10. Bf4 Nc7 11. a4 b6 12. h3 Bb7 13. Ng3 a6 14. Rb1 b5 15. b3
Nfe8 16. Nce4 f5 17. Ng5 Be5 18. Qd2 Nf6 19. Rfe1 Nd7 20. Rbd1 Re8 21. Bxe5
Nxe5 22. f4 Nxd3 23. Qxd3 Qf6 24. Qd2 b4 25. Kh1 Rad8 26. Rxe8+ Rxe8 27. Re1
Rxe1+ 28. Qxe1 h6 29. Nf3 Kf7 30. Nf1 Bc8 31. Qe3 Ne8 32. N1d2 Qe7 33. Qxe7+
Kxe7 34. Kg1 Nf6 35. Kf2 Nh5 36. Ke3 Kf6 37. Nf1 Bd7 38. h4 Ke7 39. g3 Nf6 40.
N1d2 Ng4+ 41. Ke2 Kf6 42. Nb1 a5 43. Nbd2 Ke7 44. Nb1 Nf6 45. Nbd2 Bc8 46. Ke3
Nd7 47. Kd3 Kf6 48. Ke3 Nb6 49. Kd3 Bd7 50. Kc2 Be8 51. Kd3 Nd7 52. Ke3 Nf8 53.
Kd3 Nh7 54. Ke3 Bd7 55. Kf2 g5 56. hxg5+ hxg5 57. Nf1 Be8 58. Ne3 Bh5 59. Kg2
Bg4 60. fxg5+ Nxg5 61. Nxg4+ 1/2-1/2

[Event "Campeonato Nacional da 1ª divisão"]
[Site "Torres Vedras"]
[Date "2011.07.30"]
[Round "8.3"]
[White "Andrada, Andrada Luis Javier"]
[Black "Gomez Gomez, Francisco Javier"]
[Result "1/2-1/2"]
[WhiteElo "2221"]
[BlackElo "2129"]
[PlyCount "57"]
[EventDate "2011.07.23"]

1. c4 e5 2. Nc3 Nf6 3. g3 d5 4. cxd5 Nxd5 5. Bg2 Nb6 6. Nf3 Nc6 7. O-O Be7 8.
d3 O-O 9. Be3 Be6 10. Qc1 f6 11. Rd1 Nd4 12. Bxd4 exd4 13. Ne4 Qd7 14. Nc5 Bxc5
15. Qxc5 Rad8 16. Rdc1 Rf7 17. a4 Nxa4 18. Qc2 b5 19. b3 Nc3 20. Nxd4 Qxd4 21.
Qxc3 Qxc3 22. Rxc3 b4 23. Rc6 Bxb3 24. Rb1 Ba4 25. Ra6 Bb5 26. Ra5 a6 27. Rxb4
c5 28. Rb1 Re7 29. Bf3 1/2-1/2

[Event "Campeonato Nacional da 1ª divisão"]
[Site "Torres Vedras"]
[Date "2011.07.30"]
[Round "8.4"]
[White "Andres, Gonzalez Alberto"]
[Black "Rocha, Sergio"]
[Result "1/2-1/2"]
[WhiteElo "2506"]
[BlackElo "2412"]
[PlyCount "33"]
[EventDate "2011.07.23"]

1. Nf3 d5 2. d4 e6 3. g3 Nf6 4. Bg2 Be7 5. O-O O-O 6. c4 Na6 7. Nc3 h6 8. Ne5
c6 9. e4 dxc4 10. Be3 Nd7 11. Nxc4 b5 12. Nd2 b4 13. Na4 c5 14. d5 Nb6 15. d6
Qxd6 16. e5 Qb8 17. Nxb6 1/2-1/2

[Event "Campeonato Nacional da 1ª divisão"]
[Site "Torres Vedras"]
[Date "2011.07.30"]
[Round "8.4"]
[White "Damaso, Rui"]
[Black "Andres, Gonzalez Ivan"]
[Result "1/2-1/2"]
[WhiteElo "2371"]
[BlackElo "2331"]
[PlyCount "24"]
[EventDate "2011.07.23"]

1. e4 c5 2. Nf3 d6 3. d4 cxd4 4. Nxd4 e5 5. Bb5+ Bd7 6. Bxd7+ Qxd7 7. Nb3 Nf6
8. Nc3 Qc6 9. f3 Be7 10. Be3 Nbd7 11. Qd3 a6 12. g4 h6 1/2-1/2

[Event "Campeonato Nacional da 1ª divisão"]
[Site "Torres Vedras"]
[Date "2011.07.30"]
[Round "8.4"]
[White "Andrade, Bruno"]
[Black "Ulyanovskyy, Viktor"]
[Result "0-1"]
[WhiteElo "2104"]
[BlackElo "2307"]
[PlyCount "82"]
[EventDate "2011.07.23"]

1. e4 d5 2. exd5 Qxd5 3. Nc3 Qa5 4. d4 Nf6 5. Nf3 Bg4 6. Bb5+ c6 7. Be2 Nbd7 8.
O-O e6 9. Bf4 Bb4 10. Ne5 Bxc3 11. Nc4 Bxe2 12. Qxe2 Qh5 13. g4 Qxg4+ 14. Qxg4
Nxg4 15. Nd6+ Ke7 16. bxc3 b6 17. Nc4 h5 18. Rfe1 Kf6 19. h4 c5 20. Nd6 cxd4
21. cxd4 Nh6 22. Rad1 Nf5 23. Be5+ Nxe5 24. dxe5+ Ke7 25. Nxf5+ exf5 26. Rd4
Rhd8 27. Rf4 Ke6 28. Ra4 Rd7 29. f4 Rc8 30. Re2 Rc3 31. Kg2 Rdc7 32. Rf2 Rxc2
33. Rxc2 Rxc2+ 34. Kf3 Rc7 35. Rd4 Rc3+ 36. Kg2 Rc2+ 37. Kf3 Rxa2 38. Rd6+ Ke7
39. Rc6 Ra3+ 40. Kg2 Kd7 41. Rd6+ Kc7 0-1

[Event "Campeonato Nacional da 1ª divisão"]
[Site "Torres Vedras"]
[Date "2011.07.30"]
[Round "8.4"]
[White "Ulyanovskyy, Vladimir"]
[Black "Vasques, Jose Mesquita"]
[Result "1-0"]
[WhiteElo "2090"]
[BlackElo "1831"]
[PlyCount "95"]
[EventDate "2011.07.23"]

1. e4 d6 2. d4 Nf6 3. f3 g6 4. Be3 Bg7 5. Qd2 O-O 6. Nc3 Nc6 7. O-O-O a6 8. g4
e5 9. d5 Ne7 10. h4 h5 11. gxh5 Nxh5 12. Bh3 f5 13. Bg5 Kh7 14. Nge2 Qe8 15.
Rdg1 f4 16. Bg4 Ng8 17. Rh2 Nh6 18. Nd1 Bxg4 19. fxg4 Nf6 20. Bxf6 Nxg4 21.
Rxg4 Bxf6 22. Ng1 Qd7 23. Qg2 Rg8 24. Nf3 Qe8 25. Nf2 Rg7 26. Nh3 Qa4 27. Kb1
Rh8 28. Nhg5+ Kg8 29. Qe2 Qb5 30. Qxb5 axb5 31. Ne6 Rgh7 32. Rxg6+ Kf7 33. Rg4
c6 34. Neg5+ Bxg5 35. Nxg5+ Ke7 36. Nxh7 Rxh7 37. h5 cxd5 38. exd5 Kf6 39. h6
Kf5 40. Rg7 Rh8 41. Kc1 f3 42. Kd2 e4 43. Ke3 Kf6 44. Rg4 Kf5 45. Rf4+ Kg5 46.
Rxe4 Rf8 47. h7 Rh8 48. Kxf3 1-0

[Event "Campeonato Nacional da 1ª divisão"]
[Site "Torres Vedras"]
[Date "2011.07.30"]
[Round "8.5"]
[White "Picard, Romain"]
[Black "Dias, Paulo"]
[Result "1/2-1/2"]
[WhiteElo "2351"]
[BlackElo "2434"]
[PlyCount "68"]
[EventDate "2011.07.23"]

1. e4 e6 2. d4 d5 3. Nd2 Nf6 4. e5 Nfd7 5. c3 c5 6. Bd3 Nc6 7. Ne2 cxd4 8. cxd4
f6 9. exf6 Nxf6 10. O-O Bd6 11. Nf3 Qc7 12. Bg5 O-O 13. Rc1 Bd7 14. Ng3 Qb6 15.
Bxf6 gxf6 16. Qd2 Rf7 17. Rfd1 Kh8 18. Qh6 Rg8 19. Nh5 Qd8 20. Nf4 Qf8 21. Qh4
f5 22. h3 Rfg7 23. Kh1 Bxf4 24. Qxf4 Rxg2 25. Bb5 Qb8 26. Qe3 f4 27. Qe2 Qf8
28. Bxc6 Qh6 29. Qe5+ R8g7 30. h4 R2g4 31. Qb8+ Rg8 32. Qe5+ R8g7 33. Qb8+ Rg8
34. Qe5+ R8g7 1/2-1/2